logo

Bir Sreshtho Munshi Abdur Rouf Library
Jhenaidah Cadet College

এক অদ্ভুত আরজ আলী / (Record no. 2937)

MARC details
000 -LEADER
fixed length control field 00593nam a2200205 4500
001 - CONTROL NUMBER
JCCL Control Number 2937
003 - CONTROL NUMBER IDENTIFIER
JCCL marc code BD-JhCC
005 - DATE AND TIME OF LATEST TRANSACTION
control field 20171108171504.0
008 - FIXED-LENGTH DATA ELEMENTS--GENERAL INFORMATION
fixed length control field 171108b2006 bg ||||| |||| 00| 0 ben d
035 ## - SYSTEM CONTROL NUMBER
system control number (BD-JhCC)
040 ## - CATALOGING SOURCE
Original cataloging agency BD-JhCC
Modifying agency BD-JhCC
041 ## - LANGUAGE CODE
Language code of Book ben
082 ## - DEWEY DECIMAL CLASSIFICATION NUMBER
Classification number 891.443
Author mark and Year FAR 2006
100 ## - MAIN ENTRY--PERSONAL NAME
Personal name ফারাহ, মিনা
245 ## - TITLE STATEMENT
Title এক অদ্ভুত আরজ আলী /
Statement of responsibility, etc মিনা ফারাহ
260 ## - PUBLICATION, DISTRIBUTION, ETC. (IMPRINT)
Place of publication, distribution, etc ঢাকা:
Name of publisher, distributor, etc অনন্যা;
Date of publication, distribution, etc ২০০৬
300 ## - PHYSICAL DESCRIPTION
Pagination ১৩৫ পৃ.;
Dimensions ২২ সেমি
650 ## - SUBJECT ADDED ENTRY--TOPICAL TERM
Topical term or geographic name as entry element Novel
942 ## - ADDED ENTRY ELEMENTS (KOHA)
Source of classification or shelving scheme Dewey Decimal Classification
Koha item type Books
Holdings
Source of classification or shelving scheme Damaged status Not for loan Home library Current library Date of accession Source of acquisition Cost, normal purchase price Total Checkouts Full call number Barcode Date last seen Copy number Koha item type Shelving location
Dewey Decimal Classification     JCC Rouf Library JCC Rouf Library 11/08/2017 Zahedee Foundation 120.00   891.443 FAR 2006 4654 11/08/2017 C-1 Books  
Dewey Decimal Classification     JCC Rouf Library JCC Rouf Library 04/21/2018   100.00   891.443 FAR 2006 13509 04/21/2018 C-2 Books General Stacks

JCC Library | Contacts | JCC Home

Last Update on 23 September 2017
Copyright @ 2017-2020 JCC Rouf Library
Rouf Library, Jhenidah Cadet College (JCC), Bangladesh